000 00725nam a22002411 4500
001 23237
003 BD-RjUL
005 20211209000916.0
008 140310r19571956enka 000 0 eng
035 _a(BD-RjUL)23302
035 _a(OCoLC)3621710
040 _aDLC
_cPU
_dBD-RjUL
_dDLC
_beng
041 _aeng
082 _a572.99115
_bMAB 1957
100 1 _aMacDonald, Malcolm
_d1901-1981.
_971624
245 1 0 _aBorneo people :
_cIllustrated with 44 photos. and a drawing by the author /
_bMalcolm MacDonald.
260 _aLondon :
_bCape,
_cc1956 [reprint 1957].
300 _a376 p. :
_bill. ,
_c24 cm.
650 0 _aEthnology
_zSarawak.
_971625
942 _2ddc
_cBK
999 _c23237
_d23237